| 000 | 01458nam a2200325 4500 | ||
|---|---|---|---|
| 001 | 190535 | ||
| 003 | ES-MaACL | ||
| 005 | 20250824010028.0 | ||
| 008 | 210820s1997 sp ag 001 0dspa | ||
| 020 | _a84-923296-0-2 | ||
| 080 | _a787.5.033(460) | ||
| 245 | 0 | 0 |
_aAlfonso X el Sabio, impulsor del arte, la cultura y el humanismo : _bel arpa en la Edad Media española / _c[dirección general de la obra, María Rosa Calvo-Manzano]. |
| 250 | _a1ª ed. | ||
| 260 |
_aMadrid : _bAsociación Arpista Ludovico, _c1997. |
||
| 300 |
_a367 p. : _bil., mús. ; _c30 cm. |
||
| 490 | 1 | _aColección "El arpa", opera omnia | |
| 504 | _aReferencias bibliográficas. | ||
| 505 | 8 | _aContiene: Entorno histórico, económico, político y social . Entorno musical . Las músicas de las Cantigas de Santa María de Alfonso X el Sabio | |
| 597 | _aTexto a 2 columnas. | ||
| 600 | 0 | 4 |
_aAlfonso _bX, _cRey de Castilla _919872 |
| 650 | 7 |
_aMúsica para arpa _2embne _9173368 |
|
| 650 | 4 |
_aMúsica- _zEspaña- _yHasta S.XV. _9147829 |
|
| 700 | 1 |
_aCalvo-Manzano, María Rosa. _933892 |
|
| 830 | 1 |
_aColección "El arpa", opera omnia _9225896 |
|
| 852 | 4 |
_aES-MaACL _jA-14727 _zEncuadernación en cartoné _zDedicatoria autógrafa de la autora _9197713 _cDEPO1 _dOlim: N-7727 _hDonacion: María Rosa Calvo-Manzano |
|
| 903 |
_933892 _aCalvo-Manzano, María Rosa _ednr |
||
| 942 |
_2udc _cMONOGRAFIA |
||
| 999 |
_c190535 _d190535 |
||